Statistics for FIFA Women's World Cup

Click here to take the quiz!

General Stats

  • This quiz has been taken 936 times
    (731 since last reset)
  • The average score is 9 of 10

Answer Stats

Team% Correct
United States
99%
Germany
94%
Japan
90%
England
87%
Brazil
86%
France
86%
Sweden
83%
Norway
77%
Canada
75%
China
75%

Score Distribution

Percentile by Number Answered

Percent of People with Each Score

Your Score History

You have not taken this quiz since the last reset